000 00331nam a2200133Ia 4500
008 210210b1971 xxu||||| |||| 00| 0 eng d
082 _a155.2 SACS
100 _aSACHDEVA (S K).
245 _aSecret of personality development.
260 _aND
_bCompetition Review
_c1971
300 _a72
690 _aPsychology
906 _a029124
999 _c80350
_d80350